| 000 | 00892nam a22002297a 4500 | ||
|---|---|---|---|
| 003 | 0 | ||
| 005 | 20250205135454.0 | ||
| 008 | 250204b xxu||||| |||| 00| 0 eng d | ||
| 050 |
_aHQ 76.25 _b.B67 2023 |
||
| 100 | _aBoston, Grachelle Ann P. | ||
| 245 |
_aAn informative motion graphic animation _bthe 6 stages of coming out _cGrachelle Ann P. Boston |
||
| 260 |
_aLas Pinas City _bSouthville International School and Colleges _cc2023 |
||
| 300 |
_ax, 181 pages : _bcolored pictures ; _c28cm. |
||
| 500 | _aBachelor of Arts in Multimedia Arts. | ||
| 504 | _aIncludes bibliographical references and appendices. | ||
| 650 | _aComing out (Sexual orientation). | ||
| 650 | _aLGBTQ+ identity—Psychological aspects. | ||
| 650 | _aSexual minorities—Social conditions. | ||
| 650 | _aMotion graphics—Educational use. | ||
| 650 | _aAnimated films—LGBTQ+ themes. | ||
| 942 |
_2lcc _cTH |
||
| 999 |
_c367119 _d367119 |
||